000 00497nam a22002177a 4500
003 UA-OsUOA
001 39816
007 ta
008 20080519b un ||||| |||| 00| 0 ukr d
090 _a76
942 _cBR
040 _aUA-OsUOA
_beng
_cUA-OsUOA
_dUA-OsUOA
245 _aJarema Oleniuk. Ex Libris
300 _a32 с.
955 _a3
041 _aeng
080 _a76
260 _aSan Francesco
650 7 _a76 Графічні мистецтва. Графіка
_2UDC
999 _c438324
_d438324